000 00861cam a22003131i 4500
999 _c2214
_d2214
001 019508408
003 UkOxU
005 20230331084338.0
008 130109r20132012enk j 000 f eng|d
015 _aGBB302944
_2bnb
016 7 _a016251464
_2Uk
020 _a9780141341446 (paperback) :
035 _a(Uk)016251464
040 _aStDuBDS
_beng
_erda
_cStDuBDS
_dUk
_dKH8
042 _aukblsr
082 0 4 _a823.92 WIL
_223
100 1 _aWilson, Jacqueline,
_eauthor.
245 1 0 _aFour children and It /
_cJacqueline Wilson.
264 1 _aLondon :
_bPuffin,
_c2013.
300 _a309 pages ;
_c20 cm
336 _atext
_2rdacontent
337 _aunmediated
_2rdamedia
338 _avolume
_2rdacarrier
500 _aOriginally published: 2012.
500 _aFormerly CIP.
_5Uk
521 1 _a8+.
655 0 _aChildren's stories.
942 _2ddc
_cNFIC